Statistics for Developing Countries with People in HDI >0.9 Regions

Click here to take the quiz!

General Stats

  • This quiz has been taken 31 times
  • The average score is 4 of 6

Answers on the Map

Answers color-coded by a green-red scale on the quiz's map according to % correct below.
 

Answer Stats

People (M)%Answer% Correct
222China
93%
2014Russia
85%
5.414Poland
74%
2.312Romania
74%
2.930Hungary
63%
0.820Croatia
52%

Score Distribution

Percentile by Number Answered

Percent of People with Each Score

Your Score History

You have not taken this quiz